Aziatische Hoofdsteden op een Kaart - Statistieken

Algemene statistieken
  • Deze quiz is 1.371 keer genomen
  • De gemiddelde score is 32 van 48
Antwoorden op de kaart
Antwoorden kleurgecodeerd door een groen-rode schaal op de quizkaart volgens % correct hieronder.
 
Antwoordstatistieken
Antwoord % Correct
Tokio
93%
Peking
91%
Seoel
91%
New Delhi
89%
Pyongyang
85%
Ankara
82%
Bangkok
82%
Jakarta
82%
Singapore
81%
Taipei
80%
Ulaanbaatar
80%
Abu Dhabi
76%
Jeruzalem
76%
Manilla
76%
Hanoi
74%
Koeweit
74%
Kuala Lumpur
73%
Sri Jayewardenapura Kotte
71%
Nicosia
69%
Teheran
69%
Riyad
68%
Bagdad
67%
Islamabad
67%
Kabul
67%
Bakoe
66%
Kathmandu
66%
Dhaka
65%
Tbilisi
65%
Phnom Penh
64%
Beiroet
63%
Astana
62%
Damascus
62%
Doha
60%
Malé
58%
Sanaa
58%
Jerevan
56%
Vientiane
56%
Masqat
55%
Amman
54%
Dili
52%
Naypyidaw
52%
Thimphu
52%
Bandar Seri Begawan
50%
Asjchabad
48%
Bisjkek
46%
Manamah
46%
Tasjkent
44%
Doesjanbe
39%
Geen overeenkomende quizzen gevonden
Scoreverdeling
Procent van Mensen met Elke Score
Percentiel versus Aantal Correcte Antwoorden
Uw Scoregeschiedenis
U heeft deze quiz nog niet genomen